000 00820nam a2200277Ia 4500
999 _c54589
_d54589
001 21655
003 GE_BSU
005 20230731145643.0
008 181216s2010||||Pl |||||||||||||| ||pol||
020 _a9788360229255
040 _cGE_BSU
041 _apol
080 _a811.162.1 M-24
100 _aMalolepsza, M.
_913263
245 _aHurra!!! Po Polsku :
_bStudent's Workbook Volume 1 A1 /
_cM. Malolepsza, A. Szymkiewicz.
264 _aKrakow :
_bProlog,
_c2010.
300 _a86 p. ;
_c27cm.
_e+1CD
541 _h10 Gel.
653 _aHurra!!! Po Polsku
653 _aStudent's Workbook Volume 1
653 _aPropozycja programowa na poziom A1
653 _aПольский язык
653 _aპოლონური ენა
700 _aSzymkiewicz, A.
_eauthor
_913264
942 _cBK
_2udc